00398 a2200145 4500003000400000005001700004008004100021020001800062040000900080082001800089100002700107245007200134260003700206300000900243OSt20231121142123.0231121b |||||||| |||| 00| 0 eng d a9788180302428 coclc a579.17bPAT/E aPatil, Sharath Chandra aEnvironmental Microbiology /cSharath Chandra Patil, Ramakant Naidu aNew Delhi:bCampus books,c2010. a298p